| 000 | 00340nam a22001457a 4500 | ||
|---|---|---|---|
| 003 | SGT | ||
| 020 | _a939348087-7 | ||
| 082 |
_a615.10 _bMAR |
||
| 100 | _aMARATHA, DR. SUSHMA | ||
| 245 | _aPHARMACEUTICAL MICROBIOLOGY | ||
| 260 |
_aINDIA _bBIRLA PUB. _c2026 |
||
| 300 | _a197 | ||
| 650 | _aPHARMACEUTICAL MICROBIOLOGY | ||
| 942 |
_2ddc _cBK |
||
| 999 |
_c33040 _d33040 |
||